Guess the album by its badly drawn cover - quiz 6 - Statistics

General Stats
  • This quiz has been taken 35 times
  • The average score is 4 of 10
Answer Stats
Picture Answer % Correct
Thriller
88%
IGOR
78%
In Rainbows
72%
Weezer
72%
Stranger in the Alps
25%
The New Abnormal
25%
Sucker
22%
Tidal
22%
So Close To What
16%
I Said I Love You First
13%
No matching quizzes found
Score Distribution
Percent of People with Each Score
Percentile by Number Answered
Your Score History
You have not taken this quiz